| 000 | 00659nam a2200229 a 4500 | ||
|---|---|---|---|
| 003 | AR-BaBNM | ||
| 005 | 20251128202804.0 | ||
| 008 | 082120s2002 ||||||||||||||000 | spa|| | ||
| 040 | _cAR-BaBNM | ||
| 100 | 1 | _aCamerucci, Agustín L. | |
| 245 | 0 | 0 |
_aHistoria de Ituzaingó _bprovincia de Buenos Aires |
| 260 |
_aBuenos Aires _bCammart _c1984 |
||
| 300 |
_a229 p. _bil., láms., tablas |
||
| 504 | _aBibliografía consultada p. 228 | ||
| 650 | 4 | _aHISTORIA DE BUENOS AIRES | |
| 650 | 4 | _aHISTORIA PROVINCIAL ARGENTINA | |
| 650 | 4 | _aHISTORIA SOCIAL | |
| 650 | 4 | _aHISTORIA CULTURAL | |
| 650 | 4 | _aHISTORIA DE LAS COSTUMBRES | |
| 942 | _cBK | ||
| 998 | _cmariana | ||
| 999 |
_c577 _d577 |
||